01587 2200301 4500001002100000005001500021035002000036008004100056020001800097041000800115082001200123084001800135100001700153245006300170260004500233300003200278504001600310520075200326650001901078990002201097990002401119990002401143990002401167990002201191990002401213990002401237990002401261INLIS00000000000905620221108025104 a0010-0520009056221108 | | ind  a979-3244-00-3 aind a342.029 a342.029 UMA p0 aUmar Basalim1 aPro-kontra piagam Jakarta di era reformasi /cUmar Basalim aJakarta :bPustaka Indonesia Satu,c2002 axix, 299 hlm.; 21cm ;c21cm ap. xiii-xiv aDalam persinggungannya dengan negara yang tengah meletakkan dan memperkuat dasar-dasar kehidupannya, kalangan Islam memberi kontribusi melalui penawaran ideologi Islam. Pergumulan ideologi Islam dengan Pancasila mencapai titik temu dalam wujud Piagam Jakarta. Bila sampai saat ini Piagam Jakarta terus diperdebatkan, itu merupakan bagian pencarian posisi paling tepat dalam hubungan antara agama (Islam) dengan negara di Indonesia. Buku ini menguraikan secara kritis-objektif pergumulan Piagam Jakarta sepanjang sejarah negara Indonesia, sejak rapat BPUPKI (1945) hingga ST MPR tahun 2000. Buku yangini sekaligus memberi ruang bagi kita untuk bebas menyatakan sikapnya, dan kalau bisa, berperan aktif mencari ujung pergumulan yang tiada henti ini. 4aPiagam Jakarta a19421/MKRI-P/2010 a19417/MKRI-P/X-2010 a19418/MKRI-P/X-2010 a19416/MKRI-P/X-2010 a19421/MKRI-P/2010 a19417/MKRI-P/X-2010 a19418/MKRI-P/X-2010 a19416/MKRI-P/X-2010